000 00443cam a2200181ua 4500
001 312
008 110329n ii |||gr||||Z||||||eng
020 _a019566990-8
040 _cMAIN
082 _a301.03
245 _aDictionary of sociology.
250 _bEdited by Gordon Marshall.
260 _aNew Delhi.:
_bOxford university.,998.
300 _a712 p.:6 cm.
653 _aSociology.
653 _aDictionary of sociology.
942 _cBK
999 _c264
_d264